<?xml version="1.0" encoding="UTF-8"?>
<record
    xmlns:xsi="http://www.w3.org/2001/XMLSchema-instance"
    xsi:schemaLocation="http://www.loc.gov/MARC21/slim http://www.loc.gov/standards/marcxml/schema/MARC21slim.xsd"
    xmlns="http://www.loc.gov/MARC21/slim">

  <leader>03558cgm a2200793Ia 4500</leader>
  <controlfield tag="001">8620066</controlfield>
  <controlfield tag="005">20140304143828.0</controlfield>
  <controlfield tag="007">vd bvaizu</controlfield>
  <controlfield tag="008">060901p20061950cau094 g          vleng d</controlfield>
  <datafield tag="020" ind1=" " ind2=" ">
    <subfield code="a">1419824651</subfield>
  </datafield>
  <datafield tag="020" ind1=" " ind2=" ">
    <subfield code="a">9781419824654</subfield>
  </datafield>
  <datafield tag="024" ind1="1" ind2=" ">
    <subfield code="a">012569678972</subfield>
  </datafield>
  <datafield tag="028" ind1="4" ind2="2">
    <subfield code="a">67897</subfield>
    <subfield code="b">Warner</subfield>
  </datafield>
  <datafield tag="029" ind1="1" ind2=" ">
    <subfield code="a">AU@</subfield>
    <subfield code="b">000046301869</subfield>
  </datafield>
  <datafield tag="035" ind1=" " ind2=" ">
    <subfield code="a">(OCoLC)ocm71230756</subfield>
  </datafield>
  <datafield tag="035" ind1=" " ind2=" ">
    <subfield code="a">(OCoLC)71230756</subfield>
  </datafield>
  <datafield tag="035" ind1=" " ind2=" ">
    <subfield code="a">(NNC)8620066</subfield>
  </datafield>
  <datafield tag="040" ind1=" " ind2=" ">
    <subfield code="a">NOG</subfield>
    <subfield code="c">NOG</subfield>
    <subfield code="d">OCLCQ</subfield>
    <subfield code="d">WAU</subfield>
    <subfield code="d">RCS</subfield>
    <subfield code="d">GCD</subfield>
    <subfield code="d">OCLCQ</subfield>
    <subfield code="d">OCLCA</subfield>
    <subfield code="d">OCLCQ</subfield>
    <subfield code="d">OCLCA</subfield>
    <subfield code="d">WAU</subfield>
    <subfield code="d">MVQ</subfield>
    <subfield code="d">OCLCQ</subfield>
  </datafield>
  <datafield tag="041" ind1="1" ind2=" ">
    <subfield code="a">eng</subfield>
    <subfield code="a">fre</subfield>
    <subfield code="h">eng</subfield>
  </datafield>
  <datafield tag="050" ind1="1" ind2="4">
    <subfield code="a">PN1995.9.C55</subfield>
    <subfield code="b">F38447 2006</subfield>
  </datafield>
  <datafield tag="082" ind1="0" ind2="4">
    <subfield code="a">791.43/72</subfield>
    <subfield code="2">22</subfield>
  </datafield>
  <datafield tag="130" ind1="0" ind2=" ">
    <subfield code="a">Father of the bride (Motion picture : 1950)</subfield>
    <subfield code="9">25771</subfield>
  </datafield>
  <datafield tag="245" ind1="1" ind2="0">
    <subfield code="a">Father of the bride</subfield>
    <subfield code="h">[videorecording] /</subfield>
    <subfield code="c">a Metro-Goldwyn-Mayer picture ; produced by Pandro S. Berman ; screenplay by Frances Goodrich and Albert Hackett ; directed by Vincente Minnelli.</subfield>
  </datafield>
  <datafield tag="260" ind1=" " ind2=" ">
    <subfield code="a">Burbank, CA :</subfield>
    <subfield code="b">Warner Home Video,</subfield>
    <subfield code="c">[2006]</subfield>
  </datafield>
  <datafield tag="300" ind1=" " ind2=" ">
    <subfield code="a">1 videodisc (94 min.) :</subfield>
    <subfield code="b">sd., b&amp;w ;</subfield>
    <subfield code="c">4 3/4 in.</subfield>
  </datafield>
  <datafield tag="500" ind1=" " ind2=" ">
    <subfield code="a">Originally produced as motion picture in 1950.</subfield>
  </datafield>
  <datafield tag="500" ind1=" " ind2=" ">
    <subfield code="a">Based on the novel by Edward Streeter.</subfield>
  </datafield>
  <datafield tag="500" ind1=" " ind2=" ">
    <subfield code="a">Special features include newsreels, behind the scenes, theatrical trailer, cast and crew.</subfield>
  </datafield>
  <datafield tag="508" ind1=" " ind2=" ">
    <subfield code="a">Director of photography, John Alton ; editor, Ferris Webser ; music, Adolph Deutsch.</subfield>
  </datafield>
  <datafield tag="511" ind1="1" ind2=" ">
    <subfield code="a">Spencer Tracy, Joan Bennett, Elizabeth Taylor, Don Taylor, Billie Burke, Leo G. Carroll, Moroni Olsen.</subfield>
  </datafield>
  <datafield tag="520" ind1=" " ind2=" ">
    <subfield code="a">Chaos reigns when the beautiful daughter of a family casually announces her plans to marry. What follows is a warmly humorous story, with wedding preparations, ruffled egos and the unavoidable meeting with the prospective in-laws.</subfield>
  </datafield>
  <datafield tag="521" ind1="8" ind2=" ">
    <subfield code="a">Not rated.</subfield>
  </datafield>
  <datafield tag="538" ind1=" " ind2=" ">
    <subfield code="a">DVD, region 1; NTSC.</subfield>
  </datafield>
  <datafield tag="546" ind1=" " ind2=" ">
    <subfield code="a">English and French language tracks with optional subtitles in English, French, Spanish, Portuguese, Chinese, Japanese, Thai, and Korean; closed-captioned for the hearing impaired.</subfield>
  </datafield>
  <datafield tag="650" ind1=" " ind2="0">
    <subfield code="a">Marriage</subfield>
    <subfield code="z">United States</subfield>
    <subfield code="v">Drama.</subfield>
    <subfield code="9">25772</subfield>
  </datafield>
  <datafield tag="650" ind1=" " ind2="0">
    <subfield code="a">Fathers and daughters</subfield>
    <subfield code="z">United States</subfield>
    <subfield code="v">Drama.</subfield>
    <subfield code="9">25773</subfield>
  </datafield>
  <datafield tag="650" ind1=" " ind2="0">
    <subfield code="a">Families</subfield>
    <subfield code="z">United States</subfield>
    <subfield code="v">Drama.</subfield>
    <subfield code="9">25774</subfield>
  </datafield>
  <datafield tag="650" ind1=" " ind2="7">
    <subfield code="a">Matrimonio</subfield>
    <subfield code="v">Teatro.</subfield>
    <subfield code="2">bidex</subfield>
    <subfield code="9">25775</subfield>
  </datafield>
  <datafield tag="650" ind1=" " ind2="7">
    <subfield code="a">Familia</subfield>
    <subfield code="v">Teatro.</subfield>
    <subfield code="2">bidex</subfield>
    <subfield code="9">25776</subfield>
  </datafield>
  <datafield tag="650" ind1=" " ind2="0">
    <subfield code="a">Marriage</subfield>
    <subfield code="v">Drama.</subfield>
    <subfield code="9">25777</subfield>
  </datafield>
  <datafield tag="650" ind1=" " ind2="0">
    <subfield code="a">Daughters</subfield>
    <subfield code="v">Drama.</subfield>
    <subfield code="9">25778</subfield>
  </datafield>
  <datafield tag="650" ind1=" " ind2="0">
    <subfield code="a">Families</subfield>
    <subfield code="v">Drama.</subfield>
    <subfield code="9">25779</subfield>
  </datafield>
  <datafield tag="650" ind1=" " ind2="0">
    <subfield code="a">Matrimonio</subfield>
    <subfield code="v">Teatro.</subfield>
    <subfield code="2">bidex</subfield>
    <subfield code="9">25780</subfield>
  </datafield>
  <datafield tag="650" ind1=" " ind2="0">
    <subfield code="a">Familia</subfield>
    <subfield code="v">Teatro.</subfield>
    <subfield code="2">bidex</subfield>
    <subfield code="9">25781</subfield>
  </datafield>
  <datafield tag="655" ind1=" " ind2="0">
    <subfield code="a">Feature films.</subfield>
    <subfield code="9">25782</subfield>
  </datafield>
  <datafield tag="655" ind1=" " ind2="0">
    <subfield code="a">Fiction films.</subfield>
    <subfield code="9">25783</subfield>
  </datafield>
  <datafield tag="655" ind1=" " ind2="0">
    <subfield code="a">Domestic comedy films.</subfield>
    <subfield code="9">25784</subfield>
  </datafield>
  <datafield tag="655" ind1=" " ind2="0">
    <subfield code="a">Comedy films.</subfield>
    <subfield code="9">25785</subfield>
  </datafield>
  <datafield tag="655" ind1=" " ind2="0">
    <subfield code="a">Video recordings for the hearing impaired.</subfield>
    <subfield code="9">20953</subfield>
  </datafield>
  <datafield tag="655" ind1=" " ind2="7">
    <subfield code="a">Comedy</subfield>
    <subfield code="v">Feature.</subfield>
    <subfield code="2">migfg</subfield>
    <subfield code="9">25786</subfield>
  </datafield>
  <datafield tag="655" ind1=" " ind2="7">
    <subfield code="a">Comedy films.</subfield>
    <subfield code="2">gsafd</subfield>
    <subfield code="9">25787</subfield>
  </datafield>
  <datafield tag="700" ind1="1" ind2=" ">
    <subfield code="a">Berman, Pandro S.,</subfield>
    <subfield code="d">1905-1996.</subfield>
    <subfield code="9">25788</subfield>
  </datafield>
  <datafield tag="700" ind1="1" ind2=" ">
    <subfield code="a">Minnelli, Vincente.</subfield>
    <subfield code="9">25789</subfield>
  </datafield>
  <datafield tag="700" ind1="1" ind2=" ">
    <subfield code="a">Goodrich, Frances.</subfield>
    <subfield code="9">25790</subfield>
  </datafield>
  <datafield tag="700" ind1="1" ind2=" ">
    <subfield code="a">Hackett, Albert.</subfield>
    <subfield code="9">25791</subfield>
  </datafield>
  <datafield tag="700" ind1="1" ind2=" ">
    <subfield code="a">Tracy, Spencer,</subfield>
    <subfield code="d">1900-1967.</subfield>
    <subfield code="9">25792</subfield>
  </datafield>
  <datafield tag="700" ind1="1" ind2=" ">
    <subfield code="a">Bennett, Joan,</subfield>
    <subfield code="d">1910-1990.</subfield>
    <subfield code="9">25793</subfield>
  </datafield>
  <datafield tag="700" ind1="1" ind2=" ">
    <subfield code="a">Taylor, Elizabeth,</subfield>
    <subfield code="d">1932-2011.</subfield>
    <subfield code="9">25794</subfield>
  </datafield>
  <datafield tag="700" ind1="1" ind2=" ">
    <subfield code="a">Taylor, Don,</subfield>
    <subfield code="d">1920-1998.</subfield>
    <subfield code="9">25795</subfield>
  </datafield>
  <datafield tag="700" ind1="1" ind2=" ">
    <subfield code="a">Burke, Billie,</subfield>
    <subfield code="d">1885-1970.</subfield>
    <subfield code="9">25796</subfield>
  </datafield>
  <datafield tag="700" ind1="1" ind2=" ">
    <subfield code="a">Carroll, Leo G.,</subfield>
    <subfield code="d">1886-1972.</subfield>
    <subfield code="9">25797</subfield>
  </datafield>
  <datafield tag="700" ind1="1" ind2=" ">
    <subfield code="a">Olsen, Moroni,</subfield>
    <subfield code="d">1889-1954.</subfield>
    <subfield code="9">25798</subfield>
  </datafield>
  <datafield tag="700" ind1="1" ind2=" ">
    <subfield code="a">Streeter, Edward,</subfield>
    <subfield code="d">1891-1976.</subfield>
    <subfield code="t">Father of the bride.</subfield>
    <subfield code="9">25799</subfield>
  </datafield>
  <datafield tag="710" ind1="2" ind2=" ">
    <subfield code="a">Metro-Goldwyn-Mayer.</subfield>
    <subfield code="9">25800</subfield>
  </datafield>
  <datafield tag="710" ind1="2" ind2=" ">
    <subfield code="a">Warner Home Video (Firm)</subfield>
    <subfield code="9">25801</subfield>
  </datafield>
  <datafield tag="942" ind1=" " ind2=" ">
    <subfield code="2">lcc</subfield>
    <subfield code="c">AC</subfield>
  </datafield>
  <datafield tag="948" ind1="1" ind2=" ">
    <subfield code="a">20110425</subfield>
    <subfield code="b">c</subfield>
    <subfield code="c">yz2173</subfield>
    <subfield code="d">OSMC</subfield>
  </datafield>
  <datafield tag="999" ind1=" " ind2=" ">
    <subfield code="c">58771</subfield>
    <subfield code="d">58745</subfield>
  </datafield>
  <datafield tag="952" ind1=" " ind2=" ">
    <subfield code="0">0</subfield>
    <subfield code="1">0</subfield>
    <subfield code="2">lcc</subfield>
    <subfield code="4">0</subfield>
    <subfield code="7">0</subfield>
    <subfield code="a">CPL</subfield>
    <subfield code="b">CPL</subfield>
    <subfield code="d">2014-03-04</subfield>
    <subfield code="l">0</subfield>
    <subfield code="o">PN1995.9.C55F38 2006 VIDEO</subfield>
    <subfield code="p">R287493232</subfield>
    <subfield code="r">2014-07-28 00:00:00</subfield>
    <subfield code="w">2014-03-04</subfield>
    <subfield code="y">AC</subfield>
  </datafield>
</record>
